|
|
|
|
| LEADER |
01329nam a22002657a 4500 |
| 001 |
44474 |
| 003 |
BD-DhAAL |
| 005 |
20250826131303.0 |
| 008 |
250707r20192019bg a|||| |||| 00| 1 ben d |
| 020 |
|
|
|a 9789844581579
|
| 040 |
|
|
|a BD-DhAAL
|c BD-DhAAL
|
| 041 |
|
|
|a ben
|
| 082 |
|
|
|a 891.44371
|2 23
|
| 100 |
|
|
|a ইকবাল, মুহম্মদ জাফর.
|
| 245 |
|
|
|a এক ডজন একজন /
|c মুহম্মদ জাফর ইকবাল.
|
| 246 |
|
|
|a Ek dozen ekjon ( one dozen & one person a juvenile novel)
|
| 260 |
|
|
|a ঢাকা :
|b সময় প্রকাশন,
|c ২০১৯ [চতুর্থ মুদ্রণ].
|
| 300 |
|
|
|a ১৪৩ পৃষ্ঠা :
|b চিত্র ;
|c ২২ সে. মি.
|
| 541 |
|
|
|a Donated by Farhana Zahir (Assistant Professor, BBS, BRAC University)
|e 44474
|
| 650 |
|
|
|a Children's stories, Bengali.
|
| 650 |
|
|
|a Children's stories, Bengali
|z Bangladesh.
|9 42275
|
| 650 |
|
|
|a Bengali literature.
|
| 942 |
|
|
|2 ddc
|c BK
|
| 999 |
|
|
|c 47320
|d 47320
|
| 952 |
|
|
|0 0
|1 0
|2 ddc
|4 0
|6 891_443710000000000_IQB
|7 0
|9 77855
|a BRACUL
|b BRACUL
|c GEN
|d 2025-07-07
|e Donated by Farhana Zahir Assistant Professor, BBS, BRAC University.
|g 280.00
|l 3
|m 22
|o 891.44371 IQB
|p 3010044474
|r 2026-01-18
|s 2025-09-04
|t 1
|w 2025-07-07
|y BK
|x Donated by Farhana Zahir Assistant Professor, BBS, BRAC University.
|